Trade-off model : documentation of computer programs /

Bibliographic Details
Main Author: Neveu, Alfred J.
Corporate Author: New York (State). Department of Transportation. Planning Division
Other Authors: Koeppel, K. -W. Peter
Format: Book
Language:English
Published: Albany : New York State Dept. of Transportation, Planning Division, 1978.
Series:Preliminary research report ; no. 139.

MARC

Tag First Indicator Second Indicator Subfields
LEADER 00000cam a2200000 i 4500
001 in00000596608
005 20151014091258.0
008 800319s1978 nyud b s00010 eng d
035 |a (OCoLC)06106214 
035 |9 ACQ7865AM 
040 |a CBT  |c CBT  |d m/c  |d TXA  |d UtOrBLW 
049 1 |a TXA2 
090 |a HE1  |b .P7 no. 139 
100 1 |a Neveu, Alfred J. 
245 1 0 |a Trade-off model :  |b documentation of computer programs /  |c Alfred J. Neveu and K.-W. Peter Koeppel. 
264 1 |a Albany :  |b New York State Dept. of Transportation, Planning Division,  |c 1978. 
300 |a 87 pages : charts ;  |c 28 cm. 
336 |a text  |b txt  |2 rdacontent 
337 |a unmediated  |b n  |2 rdamedia 
338 |a volume  |b nc  |2 rdacarrier 
490 1 |a Preliminary research report - Planning Research Unit, New York State Dept. of Transportation ;  |v 139 
504 |a Includes bibliographical references. 
700 1 |a Koeppel, K. -W. Peter. 
710 1 |a New York (State).  |b Department of Transportation.  |b Planning Division. 
830 0 |a Preliminary research report ;  |v no. 139. 
999 |a MARS 
999 f f |s bb7ccf28-5377-388f-937e-0bff3ec3c8e4  |i 8777d790-acef-3423-b08b-d7becbca2229  |t 0 
952 f f |p ric  |a Texas A&M University  |b Rellis Campus  |c Joint Library Facility  |d Remote Storage  |t 0  |e HE1 .P7 no. 139  |h Library of Congress classification  |i unmediated -- volume  |m A14810725829 
998 f f |a HE1 .P7 no. 139  |t 0  |l Remote Storage